000 00564nam a2200229 a 4500
999 _c6918
_d6918
001 6918
003 BD-JhCC
005 20180217110639.0
008 180201s1957 u |||| || | 001 0 eng d
035 _a(BD-JhCC)6918
040 _aBD-JhCC
_dBD-JhCC
041 _aeng
082 _a362.6
_bSHO 1957
100 _aShock, Nathan W.
245 _aTrends in Gerontology /
_cNathan W. Shock,
250 _a2nd ed.
260 _aUSA :
_bStanford University Press,
_c1957
300 _a214 p. :
_c24 cm.
650 _aOld age
942 _2ddc
_cBK